Dealing with financial risk (Record no. 464891)

MARC details
000 -LEADER
fixed length control field 00509nam a2200193Ia 4500
008 - FIXED-LENGTH DATA ELEMENTS--GENERAL INFORMATION
fixed length control field 210417s9999 xx 000 0 und d
020 ## - INTERNATIONAL STANDARD BOOK NUMBER
International Standard Book Number 9781861975911
-- 1861975910
082 ## - DEWEY DECIMAL CLASSIFICATION NUMBER
Classification number 658.155 SHI
Item number 22.658.155 SHI
245 #0 - TITLE STATEMENT
Title Dealing with financial risk
Statement of responsibility, etc. Dealing with financial risk
250 ## - EDITION STATEMENT
Remainder of edition statement "vii, 214 p. : ill. ; 23 cm. ; pbk."
260 ## - PUBLICATION, DISTRIBUTION, ETC.
Place of publication, distribution, etc. London
Name of publisher, distributor, etc. Economist Books
Date of publication, distribution, etc. 2010
700 ## - ADDED ENTRY--PERSONAL NAME
Personal name "Shirreff, David"
Numeration David Shirreff.

No items available.

Find us on the map